000 00635nam a22001937a 4500
008 151119b xxu||||| |||| 00| 0 eng d
020 _a0471057207 (cloth : alk. paper)
041 0 _aeng
080 _a510.2
100 1 _aWheeler, Ruric E.,
245 1 0 _aCollege mathematics :
_cRuric Wheeler, Karla Neal, Roseanne Hofmann.
260 _aNew York :
_bJ. Wiley & Sons,
_cc1996.
300 _a861 f.:
_bme il.;
_c24 cm.
650 0 _aMatematika
_xPërpunimi i të dhënave
650 0 _aKalkulimi i grafikoneve
700 1 _aNeal, Karla.
700 1 _aHofmann, Roseanne Salvatore.
942 _2udc
_cBK
999 _c1370
_d1370